[Event "Krasnodar Region-ch (Women)"]
[Site "Krasnodar"]
[Date "2010.10.16"]
[Round "1"]
[White "Stepovaia, Tatiana"]
[Black "Kulikova, Ekaterina"]
[Result "1-0"]
[WhiteElo "2375"]
[BlackElo "1828"]
[PlyCount "79"]
[EventDate "2010.10.16"]
[EventType "swiss"]
[EventRounds "9"]
[EventCountry "RUS"]
[SourceTitle "EXT 2022"]
[Source "ChessBase"]
[SourceDate "2021.10.06"]
[SourceVersion "1"]
[SourceVersionDate "2021.10.06"]
[SourceQuality "1"]

1. e4 e5 2. Nf3 Nc6 3. Bb5 a6 4. Ba4 Nf6 5. Qe2 b5 6. Bb3 Be7 7. c3 0-0 8. d4 d6 9. Nbd2 h6 10. a4 b4 11. d5 bxc3 12. bxc3 Nb8 13. Nf1 Nh7 14. Ng3 Ng5 15. Nd2 Nd7 16. 0-0 Nc5 17. Bc2 a5 18. Ba3 Nd7 19. Nf5 Bf6 20. Nc4 Nh7 21. Rab1 Ba6 22. Bd3 Bxc4 23. Bxc4 Bg5 24. Bb5 g6 25. Ne3 f5 26. Bc6 Ra7 27. f3 Nb8 28. Bb5 Bh4 29. g3 Bg5 30. exf5 gxf5 31. f4 exf4 32. gxf4 Bf6 33. Nxf5 Bg7 34. Nxg7 Kxg7 35. c4 Nf6 36. Bb2 Nbd7 37. Kh1 Nb6 38. Rg1+ Kh8 39. Bc6 Nc8 40. Qh5 1-0

[Event "RUS-ch (Women) 60th"]
[Site "St Petersburg"]
[Date "2010.09.03"]
[Round "9"]
[White "Stepovaia, Tatiana"]
[Black "Zaiatz, Elena"]
[Result "0-1"]
[WhiteElo "2375"]
[BlackElo "2398"]
[PlyCount "80"]
[EventDate "2010.08.26"]
[EventType "swiss"]
[EventRounds "9"]
[EventCountry "RUS"]
[SourceTitle "CBM 138 Extra"]
[Source "ChessBase"]
[SourceDate "2010.10.29"]
[SourceVersion "1"]
[SourceVersionDate "2010.10.29"]
[SourceQuality "1"]

1. e4 e5 2. Nf3 Nc6 3. Bb5 a6 4. Ba4 Nf6 5. Qe2 Be7 6. c3 0-0 7. d3 b5 8. Bb3 Re8 9. Nbd2 d5 10. Nf1 Na5 11. Bc2 c5 12. Ng3 Nc6 13. 0-0 d4 14. Bg5 Be6 15. Bd2 h6 16. Nh4 Bf8 17. Nhf5 Kh7 18. cxd4 exd4 19. f4 Ng8 20. a4 g6 21. axb5 Nb4 22. Ba4 gxf5 23. bxa6 Re7 24. Bxb4 cxb4 25. Bc6 Raa7 26. Qd2 Bc8 27. e5 Rec7 28. Bb5 Be6 29. Rfc1 Qc8 30. Rxc7 Qxc7 31. Rc1 Qb6 32. Bc4 b3 33. Nh5 Bxc4 34. Rxc4 Qxa6 35. Kf2 Qg6 36. Ng3 Ra2 37. Ne2 Ba3 38. Qd1 Rxb2 39. Ra4 Be7 40. Qa1 Rxe2+ 0-1

[Event "RUS-ch (Women) 60th"]
[Site "St Petersburg"]
[Date "2010.08.30"]
[Round "5"]
[White "Nechaeva, Marina"]
[Black "Stepovaia, Tatiana"]
[Result "1-0"]
[WhiteElo "2226"]
[BlackElo "2375"]
[PlyCount "95"]
[EventDate "2010.08.26"]
[EventType "swiss"]
[EventRounds "9"]
[EventCountry "RUS"]
[SourceTitle "CBM 138 Extra"]
[Source "ChessBase"]
[SourceDate "2010.10.29"]
[SourceVersion "1"]
[SourceVersionDate "2010.10.29"]
[SourceQuality "1"]

1. d4 f5 2. c4 Nf6 3. Nf3 g6 4. b3 Bg7 5. Bb2 d6 6. h3 c6 7. Nbd2 a5 8. Qc2 Na6 9. a3 0-0 10. e3 Bd7 11. Be2 Qe8 12. 0-0 h6 13. Bc3 Nc7 14. b4 a4 15. c5 Nfd5 16. Nc4 Nb5 17. Bb2 Be6 18. Rae1 Qf7 19. Nfd2 g5 20. Bf3 Nf6 21. Nb6 Ra7 22. e4 fxe4 23. Bxe4 Nxe4 24. Qxe4 Nc7 25. Ba1 Bf6 26. f4 Bd5 27. Nxd5 cxd5 28. Qe2 Qg7 29. fxg5 hxg5 30. Nf3 Raa8 31. b5 Ra5 32. b6 Nb5 33. Qe6+ Kh8 34. Qxd5 Nxa3 35. Nxg5 Nc2 36. Ne6 Qh6 37. Nxf8 Nxe1 38. Qf7 Qg7 39. Ng6+ Kh7 40. Nf8+ Kh8 41. Qxg7+ Bxg7 42. Rxe1 Bxf8 43. d5+ Kg8 44. c6 Ra8 45. Bd4 Kf7 46. Ra1 e5 47. dxe6+ Kxe6 48. Rxa4 1-0

[Event "RUS-ch (Women) 60th"]
[Site "St Petersburg"]
[Date "2010.08.29"]
[Round "4"]
[White "Paikidze, Nazi"]
[Black "Stepovaia, Tatiana"]
[Result "1-0"]
[WhiteElo "2346"]
[BlackElo "2375"]
[PlyCount "69"]
[EventDate "2010.08.26"]
[EventType "swiss"]
[EventRounds "9"]
[EventCountry "RUS"]
[SourceTitle "CBM 138 Extra"]
[Source "ChessBase"]
[SourceDate "2010.10.29"]
[SourceVersion "1"]
[SourceVersionDate "2010.10.29"]
[SourceQuality "1"]

1. d4 f5 2. g3 Nf6 3. Bg2 d6 4. Nf3 g6 5. c4 Bg7 6. Nc3 0-0 7. 0-0 a5 8. Qc2 Na6 9. a3 Qe8 10. Re1 e5 11. dxe5 dxe5 12. e4 Nc5 13. Nh4 Nfxe4 14. Nxe4 Nxe4 15. Bxe4 fxe4 16. Qxe4 c6 17. Be3 Qe7 18. Bd4 Bf5 19. Nxf5 gxf5 20. Qe3 Rfe8 21. f4 e4 22. Rad1 Red8 23. Bxg7 Qxg7 24. Qb6 Rd7 25. c5 Kf8 26. Rd6 Ra6 27. Qb3 Rxd6 28. cxd6 Qd4+ 29. Kh1 Qxd6 30. Rd1 Qe7 31. Qc3 Kf7 32. Qh8 Kg6 33. Qg8+ Kh5 34. g4+ fxg4 35. Rg1 1-0

[Event "RUS-ch (Women) 60th"]
[Site "St Petersburg"]
[Date "2010.08.27"]
[Round "2"]
[White "Kindinova, Ekaterina"]
[Black "Stepovaia, Tatiana"]
[Result "0-1"]
[WhiteElo "2185"]
[BlackElo "2375"]
[PlyCount "106"]
[EventDate "2010.08.26"]
[EventType "swiss"]
[EventRounds "9"]
[EventCountry "RUS"]
[SourceTitle "CBM 138 Extra"]
[Source "ChessBase"]
[SourceDate "2010.10.29"]
[SourceVersion "1"]
[SourceVersionDate "2010.10.29"]
[SourceQuality "1"]

1. e4 c5 2. Nf3 e6 3. d4 cxd4 4. Nxd4 Nc6 5. Nc3 Qc7 6. Be2 a6 7. 0-0 b5 8. Nxc6 dxc6 9. Be3 Bb7 10. f4 Be7 11. Qe1 c5 12. f5 Nf6 13. fxe6 fxe6 14. Bf4 e5 15. Bg5 0-0 16. Bf3 b4 17. Bxf6 bxc3 18. Bxe7 cxb2 19. Bxf8 bxa1Q 20. Qxa1 Rxf8 21. Qc3 g6 22. Qc4+ Kg7 23. Rd1 Rf6 24. Rd3 Rd6 25. h4 Rxd3 26. cxd3 Qd6 27. Kh2 Bc8 28. Qc1 Qe7 29. Qg5 Qd6 30. h5 Be6 31. a3 Bf7 32. h6+ Kf8 33. Kg3 Bb3 34. Be2 Kf7 35. Kh4 Qf6 36. Qxf6+ Kxf6 37. Kg3 Kg5 38. Kf3 Kxh6 39. Ke3 Kg5 40. Bf3 h5 41. Be2 Bf7 42. Bd1 Kf6 43. Kf3 g5 44. Kg3 h4+ 45. Kg4 Be8 46. Bb3 Bb5 47. Bc2 Kg6 48. Kf3 Bd7 49. Bb3 g4+ 50. Kf2 g3+ 51. Kf3 Kg5 52. Ke3 h3 53. gxh3 Kh4 0-1

[Event "Doroshkevich Memorial op"]
[Site "Belorechensk"]
[Date "2010.05.26"]
[Round "5"]
[White "Stepovaia, Tatiana"]
[Black "Inozemtsev, Arsen"]
[Result "1-0"]
[WhiteElo "2375"]
[BlackElo "2128"]
[PlyCount "111"]
[EventDate "2010.05.22"]
[EventType "swiss"]
[EventRounds "9"]
[EventCountry "RUS"]
[SourceTitle "EXT 2011"]
[Source "ChessBase"]
[SourceDate "2010.11.26"]
[SourceVersion "1"]
[SourceVersionDate "2010.11.26"]
[SourceQuality "1"]

1. e4 e5 2. Nf3 Nc6 3. Bc4 Nf6 4. d3 Be7 5. 0-0 0-0 6. c3 d5 7. exd5 Nxd5 8. h3 Bf5 9. Re1 Bf6 10. Bb5 Re8 11. Nbd2 a6 12. Bxc6 bxc6 13. Ne4 g6 14. Ng3 Bd7 15. c4 Nb6 16. Bd2 Bf5 17. Nxf5 gxf5 18. Bc3 e4 19. Bxf6 Qxf6 20. dxe4 fxe4 21. Nd2 e3 22. fxe3 Qxb2 23. Qg4+ Qg7 24. Qf4 Qe5 25. Qg4+ Qg7 26. Qf3 Re6 27. Rf1 Rae8 28. Rae1 Nd7 29. Nb3 Rf6 30. Qe2 Rxf1+ 31. Rxf1 Qg5 32. e4 c5 33. Qf2 Re7 34. Rd1 Nf6 35. Nxc5 Nxe4 36. Nxe4 Rxe4 37. Rd3 Qe5 38. Rg3+ Kf8 39. Qf3 Qa1+ 40. Kh2 Qe5 41. Qa3+ Qd6 42. c5 Qe5 43. c6+ Qd6 44. Qxd6+ cxd6 45. Rc3 Re8 46. Kg3 Rc8 47. Kf4 Ke7 48. Ke4 Ke6 49. Kd4 d5 50. Kc5 d4 51. Rd3 Ke5 52. Rd1 f5 53. g3 h5 54. h4 Rg8 55. Rxd4 Rg7 56. Rd3 1-0

[Event "Doroshkevich Memorial op"]
[Site "Belorechensk"]
[Date "2010.05.25"]
[Round "4"]
[White "Amonatov, Farrukh"]
[Black "Stepovaia, Tatiana"]
[Result "1-0"]
[WhiteElo "2637"]
[BlackElo "2375"]
[PlyCount "137"]
[EventDate "2010.05.22"]
[EventType "swiss"]
[EventRounds "9"]
[EventCountry "RUS"]
[SourceTitle "EXT 2011"]
[Source "ChessBase"]
[SourceDate "2010.11.26"]
[SourceVersion "1"]
[SourceVersionDate "2010.11.26"]
[SourceQuality "1"]

1. e4 c5 2. Nf3 e6 3. d4 cxd4 4. Nxd4 Nc6 5. Nc3 Qc7 6. f4 Nxd4 7. Qxd4 a6 8. Be3 b5 9. 0-0-0 Bb7 10. Bd3 Rc8 11. e5 Ne7 12. Rd2 Nc6 13. Qb6 Qxb6 14. Bxb6 Nb4 15. Rhd1 Nd5 16. Nxd5 Bxd5 17. Be2 Rc6 18. Bf2 Bb4 19. c3 Bxg2 20. Rxd7 0-0 21. Ra7 Bd5 22. a3 Ba5 23. Bxb5 axb5 24. Rxa5 Rb8 25. Rd4 Rc4 26. a4 bxa4 27. Rxc4 Bxc4 28. Rxa4 Bb3 29. Ra7 h6 30. Kd2 g5 31. fxg5 hxg5 32. Kd3 Rd8+ 33. Bd4 Kg7 34. Ra3 Bd1 35. b4 Rh8 36. Ra2 Rh3+ 37. Kc4 Bf3 38. Kc5 Rh8 39. b5 Bd5 40. Rd2 Rc8+ 41. Kb4 Rc4+ 42. Ka5 Kg6 43. Rb2 Rc8 44. b6 Bb7 45. Kb5 Bd5 46. Rf2 Bc6+ 47. Kb4 Rd8 48. Ra2 g4 49. Ra7 Bf3 50. Rc7 Rh8 51. Bg1 Ra8 52. c4 Ra1 53. Bd4 Rd1 54. Kc3 Rc1+ 55. Kb4 Rd1 56. Rd7 Bc6 57. Rd6 Bf3 58. c5 Kf5 59. Bb2 Rh1 60. Rd2 Bc6 61. Ka5 Ke4 62. Ka6 Ke3 63. Rd6 Rxh2 64. Bc1+ Ke4 65. Rxc6 Ra2+ 66. Kb7 Rc2 67. Rc8 g3 68. c6 Rxc1 69. Rg8 1-0

[Event "Doroshkevich Memorial op"]
[Site "Belorechensk"]
[Date "2010.05.23"]
[Round "2"]
[White "Bondarev, Boris"]
[Black "Stepovaia, Tatiana"]
[Result "0-1"]
[WhiteElo "2140"]
[BlackElo "2375"]
[PlyCount "50"]
[EventDate "2010.05.22"]
[EventType "swiss"]
[EventRounds "9"]
[EventCountry "RUS"]
[SourceTitle "EXT 2011"]
[Source "ChessBase"]
[SourceDate "2010.11.26"]
[SourceVersion "1"]
[SourceVersionDate "2010.11.26"]
[SourceQuality "1"]

1. e4 c5 2. Nf3 Nc6 3. b3 e6 4. Bb2 Nf6 5. e5 Nd5 6. g3 Nde7 7. Bd3 Nf5 8. Bxf5 exf5 9. Na3 Be7 10. e6 0-0 11. exd7 Qxd7 12. 0-0 b6 13. d4 cxd4 14. Nc4 Bf6 15. Re1 Bb7 16. Ba3 Rfd8 17. Qd3 Qd5 18. Rad1 b5 19. Ncd2 g6 20. h4 Ne5 21. Rxe5 Bxe5 22. Kh2 Rac8 23. Rg1 Rc3 24. Qe2 Rxf3 25. Nxf3 Qxf3 0-1

[Event "RUS-ch (Women) 59th"]
[Site "Moscow"]
[Date "2009.12.23"]
[Round "4"]
[White "Stepovaia, Tatiana"]
[Black "Kosintseva, Tatiana"]
[Result "0-1"]
[WhiteElo "2384"]
[BlackElo "2522"]
[PlyCount "76"]
[EventDate "2009.12.20"]
[EventType "tourn"]
[EventRounds "9"]
[EventCountry "RUS"]
[EventCategory "8"]
[SourceTitle "CBM 133 Extra"]
[Source "ChessBase"]
[SourceDate "2010.01.05"]
[SourceVersion "1"]
[SourceVersionDate "2010.01.05"]
[SourceQuality "1"]

1. e4 c5 2. Nc3 d6 3. g3 g6 4. d3 Bg7 5. Be3 Nc6 6. Qd2 Rb8 7. Bg2 Nf6 8. Bh6 0-0 9. Bxg7 Kxg7 10. f4 Nd4 11. Nce2 b5 12. c3 Nxe2 13. Nxe2 Bb7 14. 0-0 c4 15. Kh1 Qb6 16. f5 cxd3 17. Qxd3 b4 18. c4 Ng4 19. Qf3 Ne3 20. f6+ exf6 21. Qxf6+ Kg8 22. Nd4 Ng4 23. Qf4 Qxd4 24. Qxg4 Qxb2 25. Qf4 Qd4 26. Rac1 Rbd8 27. h4 Qc5 28. g4 Rde8 29. Rc2 a5 30. Kh2 Re5 31. Rd2 Re6 32. Rc1 Rfe8 33. Rd5 Bxd5 34. cxd5 Rf6 35. Qxf6 Qxc1 36. Qxd6 Qb2 37. Qa6 Rxe4 38. Qxa5 Qe5+ 0-1

[Event "RUS Cup final (Women)"]
[Site "St Petersburg"]
[Date "2009.11.10"]
[Round "4.4"]
[White "Molchanova, Tatjana"]
[Black "Stepovaia, Tatiana"]
[Result "1-0"]
[WhiteElo "2368"]
[BlackElo "2384"]
[PlyCount "91"]
[EventDate "2009.11.03"]
[EventType "k.o."]
[EventRounds "5"]
[EventCountry "RUS"]
[SourceTitle "EXT 2010"]
[Source "ChessBase"]
[SourceDate "2010.11.25"]
[SourceVersion "1"]
[SourceVersionDate "2010.11.25"]
[SourceQuality "1"]

1. d4 d5 2. Nf3 c6 3. c4 e6 4. e3 Bd6 5. b3 Nf6 6. Bb2 Nbd7 7. Bd3 Qe7 8. Ne5 Bb4+ 9. Nd2 Ne4 10. Bxe4 dxe4 11. 0-0 Bxd2 12. Qxd2 0-0 13. f4 f5 14. Rad1 Nf6 15. h3 h5 16. Ng6 Qf7 17. Nxf8 Kxf8 18. d5 exd5 19. Bxf6 gxf6 20. cxd5 cxd5 21. Qxd5 Qxd5 22. Rxd5 Be6 23. Rd4 Rc8 24. Rfd1 Ke7 25. Kf2 h4 26. g3 hxg3+ 27. Kxg3 Rc3 28. Kf2 Rc8 29. h4 Kf7 30. Rd8 Rc2+ 31. R1d2 Rc7 32. Kg3 Rc3 33. Re2 Rc1 34. h5 Kg7 35. Rh2 Rc3 36. h6+ Kh7 37. Rd6 Rxe3+ 38. Kf2 Rf3+ 39. Ke2 Rc3 40. Kd2 Rc6 41. Rxc6 bxc6 42. Kc3 c5 43. Rd2 Kxh6 44. Rd6 Bc8 45. Rxf6+ Kh5 46. Kd2 1-0

[Event "RUS Cup final (Women)"]
[Site "St Petersburg"]
[Date "2009.11.08"]
[Round "3.2"]
[White "Stepovaia, Tatiana"]
[Black "Nechaeva, Marina"]
[Result "1-0"]
[WhiteElo "2384"]
[BlackElo "2226"]
[PlyCount "95"]
[EventDate "2009.11.03"]
[EventType "k.o."]
[EventRounds "5"]
[EventCountry "RUS"]
[SourceTitle "EXT 2010"]
[Source "ChessBase"]
[SourceDate "2010.11.25"]
[SourceVersion "1"]
[SourceVersionDate "2010.11.25"]
[SourceQuality "1"]

1. e4 c5 2. Nf3 d6 3. d4 cxd4 4. Nxd4 Nf6 5. Nc3 a6 6. Be3 e5 7. Nf3 Be7 8. Bc4 Be6 9. Bb3 0-0 10. 0-0 h6 11. Qe2 Qc7 12. Rfd1 Nbd7 13. Nh4 Rfe8 14. Nf5 Bxf5 15. exf5 Rac8 16. Rd2 Nb6 17. Bxb6 Qxb6 18. Rad1 Bf8 19. Ne4 Nxe4 20. Qxe4 Qc7 21. f6 gxf6 22. Qg6+ Bg7 23. Rxd6 Kf8 24. Qh5 Re7 25. h3 Rce8 26. Qg4 e4 27. Rd7 Qb8 28. Qh5 Qe5 29. Qxf7+ Rxf7 30. Rxf7+ Kg8 31. Re7+ Kh7 32. Rxe5 Rxe5 33. Rd7 Rb5 34. Bd5 f5 35. b3 b6 36. g4 fxg4 37. Bxe4+ Kg8 38. Bd5+ Kh7 39. hxg4 Rb4 40. c4 Kg6 41. Be4+ Kf6 42. f4 Bf8 43. Bd5 Bc5+ 44. Kg2 b5 45. Rf7+ Kg6 46. Rc7 Bf8 47. Rc6+ Kg7 48. Rxa6 1-0